<?xml version="1.0" encoding="UTF-8"?>
<record
    xmlns:xsi="http://www.w3.org/2001/XMLSchema-instance"
    xsi:schemaLocation="http://www.loc.gov/MARC21/slim http://www.loc.gov/standards/marcxml/schema/MARC21slim.xsd"
    xmlns="http://www.loc.gov/MARC21/slim">

  <leader>01270nam a2200265 a 4500</leader>
  <controlfield tag="001">000033633</controlfield>
  <controlfield tag="003">DO-SdBNP</controlfield>
  <controlfield tag="005">20250318153244.0</controlfield>
  <controlfield tag="008">110902s1878    sp            000 0 spa d</controlfield>
  <datafield tag="040" ind1=" " ind2=" ">
    <subfield code="a">DO-SdBNP</subfield>
    <subfield code="b">spa</subfield>
    <subfield code="c">BNPHU</subfield>
  </datafield>
  <datafield tag="100" ind1="1" ind2=" ">
    <subfield code="a">Roselly de Lorgues,</subfield>
    <subfield code="c">conde,</subfield>
    <subfield code="d">1805-1898</subfield>
    <subfield code="9">59105</subfield>
  </datafield>
  <datafield tag="245" ind1="1" ind2="0">
    <subfield code="a">Monumento a Col&#xF3;n :</subfield>
    <subfield code="b">historia de la vida y viajes de Crist&#xF3;bal Col&#xF3;n /</subfield>
    <subfield code="c">escrita en franc&#xE9;s por el conde Roselly de Lorgues, continuada con documentos in&#xE9;ditos importantes relativos al segundo matrimonio de Col&#xF3;n con Do&#xF1;a Beatriz Enr&#xED;quez de C&#xF3;rdoba ; traducida por Pelegr&#xED;n Casab&#xF3; y Pag&#xE9;s ; anotada y publicada bajo la direcci&#xF3;n de Ram&#xF3;n Buld&#xFA;.</subfield>
  </datafield>
  <datafield tag="246" ind1="3" ind2="0">
    <subfield code="a">Monumento a Col&#xF3;n</subfield>
  </datafield>
  <datafield tag="246" ind1="3" ind2="0">
    <subfield code="a">Historia de la vida y viajes de Crist&#xF3;bal Col&#xF3;n</subfield>
  </datafield>
  <datafield tag="260" ind1=" " ind2=" ">
    <subfield code="c">1878.</subfield>
  </datafield>
  <datafield tag="300" ind1=" " ind2=" ">
    <subfield code="a">2 v. ;</subfield>
    <subfield code="c">29 cm.</subfield>
  </datafield>
  <datafield tag="590" ind1=" " ind2=" ">
    <subfield code="a">Biblioteca tiene 2 ejs. v.1, 1 ej. v.2</subfield>
  </datafield>
  <datafield tag="600" ind1=" " ind2="0">
    <subfield code="a">COL&#xD3;N, CRISTOBAL,</subfield>
    <subfield code="d">1436-1456</subfield>
    <subfield code="9">19795</subfield>
  </datafield>
  <datafield tag="650" ind1="2" ind2="4">
    <subfield code="a">Exploradores</subfield>
    <subfield code="z">Am&#xE9;rica</subfield>
    <subfield code="x">Biograf&#xED;a</subfield>
    <subfield code="9">59077</subfield>
  </datafield>
  <datafield tag="650" ind1="2" ind2="4">
    <subfield code="a">Exploradores</subfield>
    <subfield code="z">Espa&#xF1;a</subfield>
    <subfield code="x">Biograf&#xED;a</subfield>
    <subfield code="9">59078</subfield>
  </datafield>
  <datafield tag="651" ind1=" " ind2="4">
    <subfield code="a">Am&#xE9;rica --</subfield>
    <subfield code="x">Descubrimiento y exploraci&#xF3;n  --</subfield>
    <subfield code="x">Espa&#xF1;oles</subfield>
    <subfield code="9">544</subfield>
    <subfield code="v">Ensayo, conferencias, etc.</subfield>
  </datafield>
  <datafield tag="700" ind1="1" ind2=" ">
    <subfield code="a">Casab&#xF3; y Pag&#xE9;s, Pelegr&#xED;n.</subfield>
    <subfield code="e">trad.</subfield>
    <subfield code="9">59106</subfield>
  </datafield>
  <datafield tag="700" ind1="1" ind2=" ">
    <subfield code="a">Buld&#xFA;, Ram&#xF3;n,</subfield>
    <subfield code="e">dir.</subfield>
    <subfield code="9">59107</subfield>
  </datafield>
  <datafield tag="942" ind1=" " ind2=" ">
    <subfield code="2">ddc</subfield>
    <subfield code="c">LBS1</subfield>
  </datafield>
  <datafield tag="952" ind1=" " ind2=" ">
    <subfield code="0">0</subfield>
    <subfield code="1">0</subfield>
    <subfield code="5">0</subfield>
    <subfield code="7">1</subfield>
    <subfield code="8">MO</subfield>
    <subfield code="a">GR</subfield>
    <subfield code="b">GR</subfield>
    <subfield code="c">HD</subfield>
    <subfield code="d">2011-09-02</subfield>
    <subfield code="i">LF1</subfield>
    <subfield code="l">0</subfield>
    <subfield code="o"> </subfield>
    <subfield code="p">33633-10</subfield>
    <subfield code="r">2020-06-25</subfield>
    <subfield code="w">2020-06-25</subfield>
    <subfield code="y">1</subfield>
    <subfield code="Z">No se presta</subfield>
  </datafield>
  <datafield tag="999" ind1=" " ind2=" ">
    <subfield code="c">33124</subfield>
    <subfield code="d">33124</subfield>
  </datafield>
</record>
